000 00743nam a22002055i 4500
001 178226
003 ES-MaACL
005 20250827100728.0
008 110524s1968 sp |||| | spa d
080 _a7.032(38)
245 0 4 _aLas maravillas del arte helénico primitivo.
260 _aMadrid :
_bDelblan,
_cD. L. 1968.
300 _a16 p. ;
_c16 cm.
490 1 _aMosaico cultural : colección de temas instructivos. 1. Maravillas del universo ;
_v15
500 _aEncuadernado con otros títulos.
650 7 _aArte griego
_2embne
_910221
830 0 0 _aMosaico cultural: colección de temas instructivos.
_pMaravillas del universo
_v15
_9190804
852 _aES-MaACL
_jE-15188 (15)
_xOlim P-1923
999 _c178226
_d178226